| 000 | 00683nam a2200205Ii 4500 | ||
|---|---|---|---|
| 003 | JO-AjNU | ||
| 008 | 230606s9999||||xx |||||||||||||| ||und|| | ||
| 040 |
_aJO-AjNU _beng _erda _cJO-AjNU |
||
| 041 | _aeng | ||
| 050 | 1 | 4 | _aHF5635 .C24 1968 |
| 100 | 3 |
_aBoynton,Lewis D / Carlson,Paul A / Forkner,Hamden L / Swanson,Robert M, _eauthor _93219 |
|
| 245 | 0 | 0 | _a20th Century Bookkeeping and Accounting |
| 250 | _a23 ed | ||
| 264 | 3 | 1 | _aNew Rochelle: South-Western Publishing Company,1968 |
| 300 |
_a550p _b Includes indexes(pages539-550) |
||
| 336 |
_atext _btxt _2rdacontent |
||
| 337 |
_aunmediated _bn _2rdamedia |
||
| 338 |
_avolume _bnc _2rdacarrier |
||
| 650 | 4 |
_aAccounting _93220 |
|
| 999 |
_aE1685 _c1685 _d1685 |
||